Loading...
| Literature - American Literature | 0 | 7 | 0 | 0 | 70 | 35 | 62.71 | 2 | 5 |
| Literature - European Literature | 0 | 6 | 0 | 0 | 60 | 36 | 62.83 | 1 | 5 |
| Literature - British Literature | 0 | 6 | 0 | 0 | 60 | 33 | 64.50 | 2 | 4 |
| Philosophy | 0 | 4 | 0 | 0 | 40 | 63 | 83.25 | 0 | 3 |
| Science - Biology | 0 | 4 | 0 | 0 | 40 | 55 | 71.00 | 0 | 0 |
| Science - Chemistry | 0 | 4 | 0 | 1 | 40 | 49 | 70.00 | 1 | 2 |
| Literature - World Literature | 0 | 4 | 0 | 0 | 40 | 49 | 64.50 | 0 | 3 |
| Religion | 0 | 2 | 0 | 1 | 20 | 106 | 108.50 | 1 | 1 |
| Mythology | 0 | 2 | 0 | 1 | 20 | 71 | 89.00 | 0 | 0 |
| Science - Physics | 0 | 2 | 0 | 0 | 20 | 80 | 80.00 | 0 | 0 |
| Social Science | 0 | 1 | 0 | 1 | 10 | 106 | 106.00 | 0 | 0 |
| History - American History | 0 | 1 | 0 | 0 | 10 | 70 | 70.00 | 0 | 1 |
| History - Other History | 0 | 1 | 0 | 0 | 10 | 76 | 76.00 | 0 | 1 |
| History - World History | 0 | 1 | 0 | 0 | 10 | 40 | 40.00 | 0 | 1 |
| Science - Other Science | 0 | 1 | 0 | 0 | 10 | 61 | 61.00 | 0 | 0 |
| Fine Arts - Other Fine Arts | 0 | 1 | 0 | 1 | 10 | 108 | 108.00 | 0 | 0 |